Представление документа в формате MARC21

Поле Инд. ПП Название Значение
Тип записи a
Библиографический уровень m
001 Контрольный номер 001778559
005 Дата корректировки 20140703202546.9
008 Кодируемые данные 020227s1997 y zzzz 1|rus u
015 a Номер в национальной библиографии 97-30356
a Номер в национальной библиографии Книжная летопись
020 a ISBN 5-7196-0972-5 (В пер.)
040 a Служба первич. каталог. RKP
a Служба первич. каталог. НБ ТвГУ
e Правила каталог. PSBO
041 a Код языка текста rus
080 a Индекс УДК 002.2(470)(091)"1881/1895"
084 a Индекс другой классификации/Индекс ББК Ч610.3(2)
084 a Индекс другой классификации/Индекс ББК Ч610.3(2)52
090 a Полочн. индекс Ч610.3(2)
x Авторский знак К 53
245 00 a Заглавие Книга в России, 1881-1895
c Ответственность под общ. ред. И. И. Фроловой ; Рос. нац. б-ка
260 a Место издания Санкт-Петербург
b Издательство Российская национальная библиотека
c Дата издания 1997
300 a Объем 430 с.
b Иллюстрации/ тип воспроизводства ил., портр
c Размеры 22 см
500 a Примечание Авт. указаны на 5-й с.
504 a Библиография Имен. указ.: с. 406-429
504 a Библиография Библиогр. в примеч. в конце гл.
520 a Аннотация В книге рассматривается следующий круг вопросов: цензурное законодадельство, развитие полиграфической промышленности, крупные частные издательства обеих столиц, издательская деятельность Академии наук, университетов, научных обществ, издание книг "для народа", книжная торговля, книжное дело в провинции, взаимоотношения авторов и издателей, читательская аудитория и многое другое.
653 a Ключевые слова 19 в.
a Ключевые слова Издательская деятельность
a Ключевые слова История книги
a Ключевые слова Книга в России
a Ключевые слова Книжная торговля
a Ключевые слова Книжное дело
a Ключевые слова Полиграфическая промышленность
a Ключевые слова Россия
700 1_ a Другие авторы Ансберг О. Н.
700 1_ a Другие авторы Патрушева Наталья Генриховна
q Полное имя Патрушева, Н. Г.
700 1_ a Другие авторы Горшков Юрий Александрович
700 1_ a Другие авторы Фролова Ирина Ивановна
q Полное имя Фролова, И. И.
901 t Тип документа m
920 a Оператор Хохл
952 c Вид литературы К рн
954 a Дата поступления на обработку 20120418